|
|
|
|
| LEADER |
00000nab a2200000 a 4500 |
| 001 |
vtls000722872 |
| 003 |
SK-MaSNL |
| 005 |
20260305022311.0 |
| 008 |
250429c2000 xo 0 slo |
| 015 |
|
|
|a SNBRB2000/05-13857
|
| 035 |
|
|
|a CLN000075039
|
| 035 |
|
|
|a urn:nbn:sk:snk-abf3mm
|
| 035 |
|
|
|a (urnnbn)urn:nbn:sk:snk:ar-004ymy
|
| 035 |
|
|
|a (uuid)98f02d5a-b004-4183-970d-a20b7486a90a
|
| 040 |
|
|
|a SNKBUCL
|b slo
|c SNKBUCL
|e AACR2
|
| 041 |
0 |
|
|a slo
|
| 044 |
|
|
|a xo
|c SK
|
| 080 |
|
|
|a 82(091):885.4"17"
|2 1997
|
| 080 |
|
|
|a 885.4(091)"17"
|2 1997
|
| 100 |
1 |
|
|a Gáfriková, Gizela,
|d 1945-2014
|4 aut
|9 101617
|
| 245 |
1 |
0 |
|a Z predhistórie slovenskej literárnej historiografie
|c Gizela Gáfriková
|
| 504 |
|
|
|a Bibliogr. odkazy
|
| 505 |
0 |
|
|a Na s. 46-60 sú uvedené úryvky z diela Dávida Czwittingera v preklade Alexandry Dekanovej, z diela Michala Rotaridesa v preklade Eriky Brtáňovej a z diela Pavla Valaského v preklade Márie Novackej
|
| 600 |
1 |
7 |
|a Rotarides, Michal,
|d 1715-1747
|2 snkbucl
|9 97288
|
| 648 |
|
7 |
|a 18. storočie
|2 snkbucl
|9 287325
|
| 650 |
0 |
7 |
|a slovenská literatúra
|2 snkbucl
|9 1115
|
| 650 |
0 |
7 |
|a literárna historiografia
|2 SNKPH
|9 73060
|
| 650 |
0 |
7 |
|a literárna história
|2 snkbucl
|9 1136
|
| 655 |
|
7 |
|a články z novín a časopisov
|2 snkbucl
|9 267496
|
| 773 |
0 |
|
|t Slovenská literatúra
|g Roč. 47, č. 1 (2000), s. 37-45
|x 0037-6973
|
| 850 |
|
|
|a Slovenská národná knižnica
|
| 852 |
|
|
|a Slovenská národná knižnica
|
| 954 |
|
|
|a odborná, vedecká literatúra pôvodná (slovenská)
|2 lita
|
| 958 |
|
|
|a article27
|
| 958 |
|
|
|a LX
|
| 958 |
|
|
|a SK
|
| 958 |
|
|
|a NB
|
| 958 |
|
|
|a OND
|
| 958 |
|
|
|a EUIPO
|
| 992 |
|
|
|a RBX
|
| 999 |
|
|
|c 3290010
|d 3291940
|